| 000 | 00471nam a2200157 i 4500 | ||
|---|---|---|---|
| 001 | 67823 | ||
| 003 | ES-MaACL | ||
| 005 | 20230906170144.0 | ||
| 007 | t| | ||
| 008 | 040206s1956 sp ||||1| spa d | ||
| 100 | 1 |
_aGallardo Prieto, O. _953498 |
|
| 245 | 1 | 0 |
_aConstrucciones mecánicas y fórmulas de taller / _cpor O. Gallardo Prieto. |
| 260 |
_aMadrid : _bDossat, _c1956 ( _fNuevas Gráficas) |
||
| 300 |
_aXI, 382 p. ; _c25 cm. |
||
| 852 |
_aES-MaACL _jC-10178 _bR.38724 |
||
| 999 |
_c67823 _d67823 |
||